Normal view MARC view

Entry Topical Term

Number of records used in: 2

001 - CONTROL NUMBER

  • control field: 41977

003 - CONTROL NUMBER IDENTIFIER

  • control field: dpl

005 - DATE AND TIME OF LATEST TRANSACTION

  • control field: 20120214165035.0

008 - FIXED-LENGTH DATA ELEMENTS

  • fixed length control field: 120214|||a|||||| | ||| d

040 ## - CATALOGING SOURCE

  • Original cataloging agency: dpl
  • Transcribing agency: dpl

150 ## - HEADING--TOPICAL TERM

  • Topical term or geographic name as entry element: Sikh hymns, English.

670 ## - SOURCE DATA FOUND

  • Source citation: Work cat.: (dpl)30529: Hymns of Guru Nanak /, 2006(repr.).

670 ## - SOURCE DATA FOUND

  • Source citation: Work cat.: (dpl)30529: Hymns of Guru Nanak /, 2006(repr.).

© Delhi Public Library
Hit Counter
free hit counter